Phillips’ science of dental materials

Guardat en:
Dades bibliogràfiques
Autor principal: ANUSAVICE, Kenneth J.
Format: Llibre
Idioma:anglès
Publicat: Elsevier 2013
Etiquetes: Afegir etiqueta
Sense etiquetes, Sigues el primer a etiquetar aquest registre!

MARC

LEADER 00000nam a22000007a 4500
008 201217b ||||| |||| 00| 0 eng d
020 |a  978-1-4377-2418-9 
100 |a ANUSAVICE, Kenneth J. 
245 |a Phillips’ science of dental materials  |c Kenneth J. Anusavice, Chiayi Shen and H. Ralph Rawls  |g  xiii, 571p.; ill. 
250 |b 12th ed. 
260 |b Elsevier  |c 2013  |h Missouri, U.S. A  |i 685065   |l RK652.5 .An8  |m Dental materials 
500 |a It includes bibliographical references and index 
942 |a lcc  |c BK  |e ADEYEYE Y. S.  |f 17/12/2020 
952 |0 0  |1 0  |2 lcc  |4 0  |6 RK06525 A N8  |7 0  |9 622  |a HOL  |b HOL  |c QZ  |d 2020-12-17  |l 0  |o RK652.5 .An8  |p 2020-22940  |r 2020-12-17 00:00:00  |w 2020-12-17  |y BK 
999 |c 351  |d 351